[Event "NOR-chT Eliteserien 2021-22"]
[Site "Norway"]
[Date "2022.03.06"]
[Round "9.23"]
[White "Nielsen, Andre"]
[Black "Demac, Elias"]
[Result "0-1"]
[WhiteElo "2219"]
[BlackElo "2206"]
[Annotator "ChessBase"]
[PlyCount "84"]
[EventDate "2021.10.29"]
[EventType "team-tourn"]
[EventCountry "NOR"]
[SourceTitle "playchess.com"]
[Source "ChessBase"]
[SourceQuality "1"]
[TimeControl "40/5400+30:1800+30"]

1. e4 {[%emt 0:00:05]} e5 {[%emt 0:00:02]} 2. Nf3 {[%emt 0:00:17]} Nc6 {[%emt 0:00:04]} 3. Bc4 {[%emt 0:01:39]} Nf6 {[%emt 0:00:06]} 4. d3 {[%emt 0:00:13]} h6 {[%emt 0:00:05]} 5. c3 {[%emt 0:03:42]} d6 {[%emt 0:01:22]} 6. Nbd2 {[%emt 0:00:31]} g5 {[%emt 0:01:44]} 7. O-O {[%emt 0:01:01]} Bg7 {[%emt 0:00:49]} 8. Bb3 {[%emt 0:02:38]} O-O {[%emt 0:02:28]} 9. Nc4 {[%emt 0:01:50]} Be6 {[%emt 0:00:42]} 10. Re1 {[%emt 0:02:35]} Re8 {[%emt 0:08:13]} 11. Ne3 {[%emt 1:21:29]} d5 {[%emt 0:08:35]} 12. Ba4 {[%emt 0:06:54]} dxe4 {[%emt 0:00:29]} 13. Bxc6 {[%emt 0:03:07]} bxc6 {[%emt 0:00:03]} 14. Nxe5 {[%emt 0:01:04]} exd3 {[%emt 1:12:48]} 15. Qxd3 {[%emt 0:08:53]} Qxd3 {[%emt 0:09:05]} 16. Nxd3 {[%emt 0:00:09]} Ne4 {[%emt 0:00:21]} 17. f3 {[%emt 0:31:28]} Nd6 {[%emt 0:16:02]} 18. Kf2 {[%emt 0:01:01]} f5 {[%emt 0:06:48]} 19. Nc5 {[%emt 0:02:14]} Bf7 {[%emt 0:01:06]} 20. Nc2 {[%emt 0:03:48]} Rxe1 {[%emt 0:00:45]} 21. Nxe1 {[%emt 0:00:39]} Rd8 {[%emt 0:08:33]} 22. Nc2 {[%emt 0:00:45]} Nc4 {[%emt 0:32:05]} 23. Ke2 {[%emt 0:17:27]} Be5 {[%emt 0:08:15]} 24. Ne3 {[%emt 0:03:18]} Nxe3 {[%emt 0:03:31]} 25. Bxe3 {[%emt 0:00:07]} Bc4+ {[%emt 0:00:11]} 26. Ke1 {[%emt 0:04:04]} Bxh2 {[%emt 0:01:12]} 27. Kf2 {[%emt 0:00:17]} Be5 {[%emt 0:04:59]} 28. b3 {[%emt 0:01:00]} f4 {[%emt 0:02:13]} 29. Bd4 {[%emt 0:01:26]} Rxd4 {[%emt 0:01:22]} 30. cxd4 {[%emt 0:00:19]} Bxd4+ {[%emt 0:00:01]} 31. Ke1 {[%emt 0:00:08]} Bxa1 {[%emt 0:00:08]} 32. bxc4 {[%emt 0:00:08]} Kf7 {[%emt 0:00:40]} 33. Ke2 {[%emt 0:00:11]} Kf6 {[%emt 0:02:38]} 34. Na6 {[%emt 0:02:25]} Be5 {[%emt 0:00:09]} 35. Nb8 {[%emt 0:01:34]} c5 {[%emt 0:01:46]} 36. Nd7+ {[%emt 0:00:56]} Kf5 {[%emt 0:00:11]} 37. Nxc5 {[%emt 0:00:22]} g4 {[%emt 0:08:57]} 38. fxg4+ {[%emt 0:00:43]} Kxg4 {[%emt 0:00:02]} 39. Ne4 {[%emt 0:00:12]} h5 {[%emt 0:01:21]} 40. Kf2 {[%emt 0:00:33]} h4 {[%emt 0:00:35]} 41. Ke2 {[%emt 0:11:45]} Bd4 {[%emt 0:13:06]} 42. Kd3 {[%emt 0:00:30]} Be5 {[%emt 0:00:30]} 0-1

[Event "NOR-chT Eliteserien 2021-22"]
[Site "Norway"]
[Date "2022.03.06"]
[Round "9.24"]
[White "Mansoor, Afras"]
[Black "Solberg, Joachim"]
[Result "1-0"]
[WhiteElo "2003"]
[BlackElo "2216"]
[Annotator "ChessBase"]
[PlyCount "84"]
[EventDate "2021.10.29"]
[EventType "team-tourn"]
[EventCountry "NOR"]
[SourceTitle "playchess.com"]
[Source "ChessBase"]
[SourceQuality "1"]
[TimeControl "40/5400+30:1800+30"]

1. d4 {[%emt 0:00:02]} d5 {[%emt 0:00:05]} 2. c4 {[%emt 0:00:04]} c6 {[%emt 0:00:56]} 3. Nc3 {[%emt 0:00:21]} e5 {[%emt 0:00:08]} 4. dxe5 {[%emt 0:03:20]} d4 {[%emt 0:00:04]} 5. Ne4 {[%emt 1:29:13]} Qa5+ {[%emt 0:00:05]} 6. Bd2 {[%emt 1:27:05]} Qxe5 {[%emt 0:00:06]} 7. Ng3 {[%emt 0:00:58]} Nf6 {[%emt 0:00:11]} 8. Nf3 {[%emt 0:01:13]} Qd6 {[%emt 0:00:05]} 9. Qc2 {[%emt 0:06:42]} Be7 {[%emt 0:06:08]} 10. O-O-O {[%emt 0:06:33]} c5 {[%emt 1:27:42]} 11. e3 {[%emt 0:10:54]} dxe3 {[%emt 0:11:42]} 12. Bxe3 {[%emt 0:04:02]} Qa6 {[%emt 0:00:15]} 13. Nf5 {[%emt 0:15:20]} Bxf5 {[%emt 0:01:32]} 14. Qxf5 {[%emt 0:00:06]} O-O {[%emt 1:12:15]} 15. a3 {[%emt 0:06:22]} Nc6 {[%emt 0:00:38]} 16. Bd3 {[%emt 0:00:40]} Rad8 {[%emt 0:00:53]} 17. g4 {[%emt 0:03:47]} Qb6 {[%emt 0:11:36]} 18. Bg5 {[%emt 0:35:58]} g6 {[%emt 0:03:54]} 19. Qf4 {[%emt 0:00:04]} Nd4 {[%emt 0:00:10]} 20. h4 {[%emt 0:06:41]} Ne6 {[%emt 0:09:57]} 21. Qg3 {[%emt 0:17:12]} Qb3 {[%emt 0:03:35]} 22. Ne5 {[%emt 0:04:13]} Nd4 {[%emt 0:02:52]} 23. Qh3 {[%emt 0:06:13]} Rfe8 {[%emt 0:31:08]} 24. h5 {[%emt 0:03:20]} Ne4 {[%emt 0:04:01]} 25. Be3 {[%emt 0:00:57]} Nxf2 {[%emt 0:00:43]} 26. Bxf2 {[%emt 0:00:03]} Bg5+ {[%emt 0:00:20]} 27. Kb1 {[%emt 0:00:23]} Rxe5 {[%emt 0:01:00]} 28. hxg6 {[%emt 0:00:27]} h6 {[%emt 0:00:09]} 29. gxf7+ {[%emt 0:01:23]} Kf8 {[%emt 0:00:05]} 30. Bh4 {[%emt 0:01:31]} Bxh4 {[%emt 0:02:02]} 31. Qxh4 {[%emt 0:00:04]} Rd6 {[%emt 0:00:03]} 32. Qg3 {[%emt 0:01:40]} Rde6 {[%emt 0:02:01]} 33. Rd2 {[%emt 0:00:44]} Nf3 {[%emt 0:01:47]} 34. Qxf3 {[%emt 0:00:33]} Re1+ {[%emt 0:02:21]} 35. Rd1 {[%emt 0:00:05]} R6e3 {[%emt 0:00:07]} 36. Bc2 {[%emt 0:02:22]} Rxf3 {[%emt 0:02:57]} 37. Bxb3 {[%emt 0:00:04]} Rxh1 {[%emt 0:00:03]} 38. Rxh1 {[%emt 0:00:04]} Rxb3 {[%emt 0:00:23]} 39. Rxh6 {[%emt 0:00:07]} Rg3 {[%emt 0:01:53]} 40. Rh8+ {[%emt 0:01:51]} Kxf7 {[%emt 0:00:06]} 41. Rh7+ {[%emt 0:04:18]} Ke6 {[%emt 0:00:38]} 42. Rxb7 {[%emt 0:00:11]} Rxg4 {[%emt 0:00:04]} 1-0

[Event "NOR-chT Eliteserien 2021-22"]
[Site "Norway"]
[Date "2022.03.06"]
[Round "9.26"]
[White "Shehzad, Shazil"]
[Black "Urkedal, Frode Olav Olsen"]
[Result "1/2-1/2"]
[WhiteElo "2182"]
[BlackElo "2549"]
[Annotator "ChessBase"]
[PlyCount "89"]
[EventDate "2021.10.29"]
[EventType "team-tourn"]
[EventCountry "NOR"]
[SourceTitle "playchess.com"]
[Source "ChessBase"]
[SourceQuality "1"]
[TimeControl "40/5400+30:1800+30"]

1. e4 {[%emt 1:31:00]} c5 {[%emt 0:00:31]} 2. Nf3 {[%emt 0:00:29]} d6 {[%emt 0:00:17]} 3. d4 {[%emt 0:00:36]} cxd4 {[%emt 1:31:12]} 4. Nxd4 {[%emt 0:00:02]} Nf6 {[%emt 0:00:06]} 5. Nc3 {[%emt 0:00:04]} a6 {[%emt 0:00:03]} 6. f3 {[%emt 0:00:04]} e5 {[%emt 0:01:12]} 7. Nb3 {[%emt 0:00:06]} h5 {[%emt 0:01:45]} 8. Bg5 {[%emt 0:04:33]} Be7 {[%emt 0:01:04]} 9. Qd2 {[%emt 0:00:26]} Be6 {[%emt 0:01:30]} 10. O-O-O {[%emt 0:01:51]} Nbd7 {[%emt 0:00:32]} 11. h4 {[%emt 0:01:18]} Qc7 {[%emt 0:02:52]} 12. Nd5 {[%emt 0:04:20]} Bxd5 {[%emt 0:00:07]} 13. exd5 {[%emt 0:00:30]} Nb6 {[%emt 0:00:42]} 14. Bxf6 {[%emt 0:03:10]} Bxf6 {[%emt 0:00:12]} 15. Kb1 {[%emt 0:06:41]} Rc8 {[%emt 0:05:33]} 16. Bd3 {[%emt 0:00:44]} Nc4 {[%emt 0:03:51]} 17. Bxc4 {[%emt 0:01:21]} Qxc4 {[%emt 0:03:23]} 18. Rde1 {[%emt 0:00:40]} Qb5 {[%emt 0:19:25]} 19. Re4 {[%emt 0:05:09]} Rc4 {[%emt 0:13:14]} 20. Qd3 {[%emt 0:03:15]} Rxe4 {[%emt 0:00:09]} 21. Qxe4 {[%emt 0:00:17]} O-O {[%emt 0:00:41]} 22. g4 {[%emt 0:03:17]} Rc8 {[%emt 0:05:05]} 23. Nd2 {[%emt 0:05:35]} Qc5 {[%emt 0:09:37]} 24. gxh5 {[%emt 0:05:13]} Qf2 {[%emt 0:03:59]} 25. Nc4 {[%emt 0:04:09]} Qg2 {[%emt 0:09:50]} 26. Rc1 {[%emt 0:00:51]} Rd8 {[%emt 0:03:14]} 27. h6 {[%emt 0:02:06]} g6 {[%emt 0:06:53]} 28. h5 {[%emt 0:01:44]} Bg5 {[%emt 0:02:31]} 29. Re1 {[%emt 0:04:07]} gxh5 {[%emt 0:00:44]} 30. h7+ {[%emt 0:01:32]} Kh8 {[%emt 0:01:42]} 31. Qf5 {[%emt 0:12:21]} Qg3 {[%emt 0:01:01]} 32. Rh1 {[%emt 0:00:33]} b5 {[%emt 0:01:33]} 33. Na5 {[%emt 0:01:23]} h4 {[%emt 0:01:33]} 34. Nb7 {[%emt 0:29:02]} Rf8 {[%emt 0:01:19]} 35. Nxd6 {[%emt 0:00:00]} Qf4 {[%emt 0:00:10]} 36. Qxf4 {[%emt 0:00:00]} exf4 {[%emt 0:00:02]} 37. Ne4 {[%emt 0:00:00]} Bd8 {[%emt 0:00:58]} 38. b3 {[%emt 0:00:00]} b4 {[%emt 0:00:10]} 39. a3 {[%emt 0:02:30]} a5 {[%emt 0:00:20]} 40. axb4 {[%emt 0:03:00]} axb4 {[%emt 0:00:06]} 41. c4 {[%emt 0:09:23]} bxc3 {[%emt 0:30:29]} 42. Kc2 {[%emt 0:00:25]} Kxh7 {[%emt 0:01:17]} 43. Kxc3 {[%emt 0:05:56]} Rg8 {[%emt 0:00:00]} 44. d6 {[%emt 0:00:00]} Rg3 {[%emt 0:00:00]} 45. Kd4 {[%emt 0:16:46]} 1/2-1/2

[Event "NOR-chT Eliteserien 2021-22"]
[Site "Norway"]
[Date "2022.03.06"]
[Round "9.27"]
[White "Haug, Johannes"]
[Black "Kvaloy, Aksel Bu"]
[Result "1-0"]
[WhiteElo "2478"]
[BlackElo "2280"]
[Annotator "ChessBase"]
[PlyCount "82"]
[EventDate "2021.10.29"]
[EventType "team-tourn"]
[EventCountry "NOR"]
[SourceTitle "playchess.com"]
[Source "ChessBase"]
[SourceQuality "1"]
[TimeControl "40/5400+30:1800+30"]

1. d4 {[%emt 0:00:29]} Nf6 {[%emt 0:00:19]} 2. c4 {[%emt 0:00:05]} e6 {[%emt 0:00:22]} 3. Nf3 {[%emt 0:00:06]} d5 {[%emt 1:31:19]} 4. Nc3 {[%emt 0:00:06]} Bb4 {[%emt 0:00:22]} 5. Qa4+ {[%emt 0:00:20]} Nc6 {[%emt 0:00:07]} 6. a3 {[%emt 0:00:05]} Bxc3+ {[%emt 1:31:57]} 7. bxc3 {[%emt 0:01:11]} O-O {[%emt 0:22:00]} 8. Bg5 {[%emt 0:01:15]} h6 {[%emt 0:04:08]} 9. Bh4 {[%emt 0:00:29]} Bd7 {[%emt 0:09:41]} 10. Qc2 {[%emt 0:22:31]} Na5 {[%emt 0:09:26]} 11. cxd5 {[%emt 0:09:34]} exd5 {[%emt 0:00:13]} 12. e3 {[%emt 0:05:16]} c5 {[%emt 0:48:12]} 13. Ne5 {[%emt 0:14:33]} Be6 {[%emt 0:01:34]} 14. Bd3 {[%emt 0:07:48]} Rc8 {[%emt 0:02:31]} 15. O-O {[%emt 0:08:56]} cxd4 {[%emt 0:03:13]} 16. exd4 {[%emt 0:00:12]} Qc7 {[%emt 0:01:46]} 17. Rac1 {[%emt 0:00:26]} Ne4 {[%emt 0:15:56]} 18. Bxe4 {[%emt 0:14:18]} dxe4 {[%emt 0:00:05]} 19. Qxe4 {[%emt 0:00:22]} Nb3 {[%emt 0:01:08]} 20. Rcd1 {[%emt 0:01:45]} Rfe8 {[%emt 0:09:29]} 21. d5 {[%emt 0:07:04]} Bd7 {[%emt 0:00:20]} 22. d6 {[%emt 0:01:33]} Qxc3 {[%emt 0:00:39]} 23. Be7 {[%emt 0:00:21]} Nd2 {[%emt 0:01:43]} 24. Qe1 {[%emt 0:03:45]} Nxf1 {[%emt 0:03:46]} 25. Qxc3 {[%emt 0:01:07]} Rxc3 {[%emt 0:00:03]} 26. Nxd7 {[%emt 0:02:38]} Nd2 {[%emt 0:02:21]} 27. Ne5 {[%emt 0:00:19]} f6 {[%emt 0:00:13]} 28. d7 {[%emt 0:00:57]} Ra8 {[%emt 0:00:14]} 29. Bb4 {[%emt 0:02:08]} Rc2 {[%emt 0:00:48]} 30. Nf3 {[%emt 0:00:24]} Rd8 {[%emt 0:00:26]} 31. Bxd2 {[%emt 0:00:33]} Rxd7 {[%emt 0:00:07]} 32. Kf1 {[%emt 0:00:25]} Ra2 {[%emt 0:00:16]} 33. Rb1 {[%emt 0:00:32]} Rxa3 {[%emt 0:00:33]} 34. Be3 {[%emt 0:00:04]} b6 {[%emt 0:00:49]} 35. Nd4 {[%emt 0:01:39]} Ra2 {[%emt 0:00:49]} 36. Rc1 {[%emt 0:00:16]} Kf7 {[%emt 0:00:23]} 37. g4 {[%emt 0:00:18]} Ra4 {[%emt 0:00:37]} 38. Rd1 {[%emt 0:00:21]} Rb4 {[%emt 0:00:34]} 39. Ke2 {[%emt 0:00:18]} a5 {[%emt 0:00:26]} 40. Kd3 {[%emt 0:00:10]} Rc7 {[%emt 0:00:44]} 41. f3 {[%emt 0:32:16]} Rd7 {[%emt 0:30:31]} 1-0

[Event "NOR-chT Eliteserien 2021-22"]
[Site "Norway"]
[Date "2022.03.06"]
[Round "9.28"]
[White "Gjestemoen-VonHirsch, Andre"]
[Black "Ranaldi, Lucas"]
[Result "0-1"]
[WhiteElo "2243"]
[BlackElo "2337"]
[Annotator "ChessBase"]
[PlyCount "80"]
[EventDate "2021.10.29"]
[EventType "team-tourn"]
[EventCountry "NOR"]
[SourceTitle "playchess.com"]
[Source "ChessBase"]
[SourceQuality "1"]
[TimeControl "40/5400+30:1800+30"]

1. e4 {[%emt 0:00:32]} c6 {[%emt 1:31:00]} 2. d4 {[%emt 0:00:04]} d5 {[%emt 0:00:07]} 3. e5 {[%emt 0:00:03]} Bf5 {[%emt 0:00:06]} 4. h4 {[%emt 0:00:04]} h5 {[%emt 0:00:48]} 5. Bd3 {[%emt 0:00:06]} Bxd3 {[%emt 0:00:08]} 6. Qxd3 {[%emt 0:00:04]} Qa5+ {[%emt 0:02:29]} 7. Bd2 {[%emt 0:04:01]} Qa6 {[%emt 0:00:07]} 8. e6 {[%emt 0:00:14]} Qxd3 {[%emt 0:00:15]} 9. exf7+ {[%emt 0:00:07]} Kxf7 {[%emt 0:00:09]} 10. cxd3 {[%emt 0:00:04]} Nd7 {[%emt 0:06:29]} 11. Nf3 {[%emt 0:03:47]} Nh6 {[%emt 0:03:55]} 12. Nc3 {[%emt 0:03:08]} Nf5 {[%emt 0:08:27]} 13. Ne2 {[%emt 0:13:38]} g6 {[%emt 0:08:22]} 14. Ng3 {[%emt 0:11:20]} e6 {[%emt 0:10:00]} 15. Nxf5 {[%emt 1:00:48]} exf5 {[%emt 0:55:24]} 16. O-O {[%emt 0:00:23]} Bd6 {[%emt 0:10:40]} 17. Rfe1 {[%emt 0:07:25]} Rhe8 {[%emt 0:00:31]} 18. g3 {[%emt 0:03:33]} Nf8 {[%emt 0:45:26]} 19. Kg2 {[%emt 0:12:10]} Ne6 {[%emt 0:02:56]} 20. Re2 {[%emt 0:07:43]} Nc7 {[%emt 0:28:35]} 21. Ng5+ {[%emt 0:01:31]} Kf6 {[%emt 0:01:41]} 22. Rae1 {[%emt 0:00:08]} Rxe2 {[%emt 0:00:50]} 23. Rxe2 {[%emt 0:00:07]} Re8 {[%emt 0:00:19]} 24. Rxe8 {[%emt 0:00:24]} Nxe8 {[%emt 0:00:02]} 25. Kf3 {[%emt 0:00:16]} Nc7 {[%emt 0:11:10]} 26. Bf4 {[%emt 0:03:38]} Bxf4 {[%emt 0:04:50]} 27. Kxf4 {[%emt 0:00:04]} Nb5 {[%emt 0:00:21]} 28. Nf3 {[%emt 0:00:19]} a5 {[%emt 0:02:22]} 29. Ke3 {[%emt 0:13:15]} Nc7 {[%emt 0:00:17]} 30. Ne5 {[%emt 0:00:43]} Ne6 {[%emt 0:02:56]} 31. Nd7+ {[%emt 0:15:43]} Ke7 {[%emt 0:00:20]} 32. Nc5 {[%emt 0:04:02]} f4+ {[%emt 0:00:26]} 33. gxf4 {[%emt 0:00:17]} Ng7 {[%emt 0:00:57]} 34. Nxb7 {[%emt 0:00:17]} Nf5+ {[%emt 0:00:43]} 35. Kf3 {[%emt 0:01:38]} Nxh4+ {[%emt 0:02:44]} 36. Kg3 {[%emt 0:00:02]} Nf5+ {[%emt 0:00:08]} 37. Kh3 {[%emt 0:00:15]} a4 {[%emt 0:00:33]} 38. Nc5 {[%emt 0:00:03]} a3 {[%emt 0:00:56]} 39. bxa3 {[%emt 0:00:38]} Nxd4 {[%emt 0:00:10]} 40. a4 {[%emt 0:10:46]} Kd6 {[%emt 0:00:57]} 0-1

[Event "NOR-chT Eliteserien 2021-22"]
[Site "Norway"]
[Date "2022.03.06"]
[Round "9.29"]
[White "Gandrud, Vegar Koi"]
[Black "Kizatbay, Abyl"]
[Result "1-0"]
[WhiteElo "2315"]
[BlackElo "2124"]
[Annotator "NA"]
[PlyCount "87"]
[EventDate "2021.10.29"]
[EventType "team-tourn"]
[EventCountry "NOR"]
[SourceTitle "playchess.com"]
[Source "ChessBase"]
[SourceQuality "1"]
[TimeControl "40/5400+30:1800+30"]

1. d4 {[%emt 0:00:04]} Nf6 {[%emt 0:00:07]} 2. c4 {[%emt 0:00:03]} g6 {[%emt 0:00:09]} 3. Nc3 {[%emt 0:00:09]} d5 {[%emt 0:00:06]} 4. cxd5 {[%emt 0:00:03]} Nxd5 {[%emt 0:00:06]} 5. e4 {[%emt 0:00:04]} Nxc3 {[%emt 0:00:05]} 6. bxc3 {[%emt 0:00:03]} Bg7 $14 {[%emt 0:00:05]} 7. Nf3 {[%emt 0:00:07]} c5 {[%emt 0:00:46]} 8. Be3 {[%emt 0:00:08]} O-O {[%emt 0:06:53]} 9. Be2 {[%emt 0:00:46]} Qa5 {[%emt 0:02:54]} 10. O-O {[%emt 0:01:45]} Nc6 {[%emt 0:10:03]} 11. d5 {[%emt 0:20:25]} Ne5 {[%emt 0:02:25]} 12. Nxe5 {[%emt 0:00:39]} Bxe5 {[%emt 0:00:13]} 13. Rc1 {[%emt 0:14:28]} b6 {[%emt 0:13:51]} 14. Qb3 {[%emt 0:14:28]} Ba6 {[%emt 0:12:29]} 15. c4 {[%emt 0:00:05]} Rab8 {[%emt 0:09:38]} 16. Rfd1 {[%emt 0:07:44]} b5 {[%emt 0:11:50]} 17. Bxc5 {[%emt 0:03:11]} bxc4 {[%emt 0:02:43]} 18. Qa3 {[%emt 0:01:42]} Qxa3 {[%emt 0:02:13]} 19. Bxa3 {[%emt 0:00:05]} Bb2 {[%emt 0:03:23]} 20. Bxb2 {[%emt 0:04:58]} Rxb2 {[%emt 0:00:10]} 21. Bxc4 {[%emt 0:00:02]} Bxc4 {[%emt 0:02:12]} 22. Rxc4 {[%emt 0:00:02]} Rxa2 {[%emt 0:00:50]} 23. Rb1 {[%emt 0:02:06]} Kg7 {[%emt 0:11:14]} 24. g3 {[%emt 0:00:24]} Kf6 {[%emt 0:01:13]} 25. Rb7 {[%emt 0:08:12]} a5 {[%emt 0:02:22]} 26. Rcc7 {[%emt 0:02:19]} e6 {[%emt 0:00:42]} 27. d6 {[%emt 0:02:21]} Rd2 {[%emt 0:03:17]} 28. f4 {[%emt 0:01:23]} e5 {[%emt 0:00:23]} 29. Re7 {[%emt 0:04:28]} exf4 {[%emt 0:00:11]} 30. gxf4 {[%emt 0:00:01]} a4 {[%emt 0:00:43]} 31. Ra7 {[%emt 0:04:07]} a3 {[%emt 0:00:09]} 32. e5+ {[%emt 0:03:52]} Kf5 {[%emt 0:00:55]} 33. Rxa3 {[%emt 0:01:32]} Rb8 {[%emt 0:00:20]} 34. Rxf7+ {[%emt 0:01:04]} Ke4 {[%emt 0:00:11]} 35. Ra4+ {[%emt 0:00:33]} Kf3 {[%emt 0:01:01]} 36. Ra3+ {[%emt 0:00:20]} Ke4 {[%emt 0:00:15]} 37. Ra1 {[%emt 0:00:59]} Rbb2 {[%emt 0:00:10]} 38. Rxh7 {[%emt 0:00:05]} Kxf4 {[%emt 0:02:05]} 39. Re1 {[%emt 0:00:59]} Rg2+ {[%emt 0:00:58]} 40. Kh1 {[%emt 0:00:06]} Rge2 {[%emt 0:00:38]} 41. Rxe2 {[%emt 0:31:10]} Rxe2 {[%emt 0:01:50]} 42. d7 {[%emt 0:00:00]} Rd2 {[%emt 0:02:42]} 43. e6 {[%emt 0:00:00]} Kf5 {[%emt 0:00:47]} 44. Rh8 {[%emt 0:00:00]} 1-0

[Event "NOR-chT Eliteserien 2021-22"]
[Site "Norway"]
[Date "2022.03.06"]
[Round "9.30"]
[White "Fossan, Aleksander"]
[Black "Nilssen, Ellen Fredericia"]
[Result "0-1"]
[WhiteElo "2128"]
[BlackElo "2110"]
[Annotator "ChessBase"]
[PlyCount "82"]
[EventDate "2021.10.29"]
[EventType "team-tourn"]
[EventCountry "NOR"]
[SourceTitle "playchess.com"]
[Source "ChessBase"]
[SourceQuality "1"]
[TimeControl "40/5400+30:1800+30"]

1. e4 {[%emt 0:00:04]} c5 {[%emt 0:00:09]} 2. c3 {[%emt 0:00:09]} Nf6 {[%emt 0:00:16]} 3. e5 {[%emt 0:00:11]} Nd5 {[%emt 0:00:16]} 4. d4 {[%emt 0:00:06]} cxd4 {[%emt 0:00:23]} 5. Nf3 {[%emt 0:01:25]} Nc6 {[%emt 0:00:42]} 6. Bc4 {[%emt 0:00:14]} Nb6 {[%emt 0:00:18]} 7. Bb3 {[%emt 0:00:07]} d6 {[%emt 0:00:09]} 8. exd6 {[%emt 0:00:05]} Qxd6 {[%emt 0:00:11]} 9. O-O {[%emt 0:00:10]} Be6 {[%emt 0:00:20]} 10. Na3 {[%emt 0:02:46]} dxc3 {[%emt 0:00:37]} 11. Qe2 {[%emt 0:01:50]} Bxb3 {[%emt 0:02:09]} 12. Nb5 {[%emt 0:00:45]} Qb8 {[%emt 0:00:13]} 13. axb3 {[%emt 0:00:16]} g6 {[%emt 0:00:50]} 14. Rd1 {[%emt 0:10:46]} Bg7 {[%emt 0:20:08]} 15. Nd6+ {[%emt 1:19:06]} Kf8 {[%emt 1:11:19]} 16. Ne4 {[%emt 0:16:53]} cxb2 {[%emt 0:17:03]} 17. Bxb2 {[%emt 0:00:21]} Bxb2 {[%emt 0:01:27]} 18. Qxb2 {[%emt 0:00:10]} Kg8 {[%emt 0:01:17]} 19. h4 {[%emt 0:19:15]} Qf4 {[%emt 0:04:31]} 20. Nc5 {[%emt 0:01:44]} Qf6 {[%emt 0:02:38]} 21. Qxf6 {[%emt 0:00:15]} exf6 {[%emt 0:46:49]} 22. Nxb7 {[%emt 0:01:14]} Kg7 {[%emt 0:02:11]} 23. Na5 {[%emt 0:18:23]} Rhc8 {[%emt 0:07:02]} 24. Rd6 {[%emt 0:05:42]} Nb4 {[%emt 0:03:35]} 25. Nd4 {[%emt 0:02:46]} Nc2 {[%emt 0:05:01]} 26. Nxc2 {[%emt 0:03:48]} Rxc2 {[%emt 0:00:02]} 27. Re1 {[%emt 0:00:15]} Rac8 {[%emt 0:05:37]} 28. g3 {[%emt 0:08:00]} R8c5 {[%emt 0:04:36]} 29. Nb7 {[%emt 0:03:01]} Rf5 {[%emt 0:01:48]} 30. Rf1 {[%emt 0:00:23]} Rb2 {[%emt 0:10:05]} 31. Rd3 {[%emt 0:00:05]} Rb5 {[%emt 0:00:21]} 32. Nd6 {[%emt 0:01:18]} R5xb3 {[%emt 0:02:06]} 33. Rxb3 {[%emt 0:00:01]} Rxb3 {[%emt 0:00:09]} 34. Ra1 {[%emt 0:00:01]} Rd3 {[%emt 0:02:20]} 35. Nb5 {[%emt 0:00:01]} Rd7 {[%emt 0:01:45]} 36. Rxa7 {[%emt 0:00:18]} Rxa7 {[%emt 0:00:05]} 37. Nxa7 {[%emt 0:00:03]} f5 {[%emt 0:00:26]} 38. Kg2 {[%emt 0:00:12]} Nd5 {[%emt 0:00:41]} 39. Nc6 {[%emt 0:00:20]} f6 {[%emt 0:03:14]} 40. Nd4 {[%emt 0:00:59]} Kf7 {[%emt 0:05:10]} 41. h5 {[%emt 0:03:42]} Ke7 {[%emt 0:06:01]} 0-1